| 000 | 00599nam a2200193Ia 4500 | ||
|---|---|---|---|
| 003 | IN-BaIIA | ||
| 008 | 211028s9999 xx 000 0 eng d | ||
| 020 | _a0-07-084483-6 | ||
| 040 | _cIIA Library | ||
| 080 |
_a621.38(035) _bHAM |
||
| 100 |
_aHamilton, T. D. S _910182 |
||
| 245 | 0 |
_aHandbook of linear integrated electronics for research _cT. D. S Hamilton |
|
| 260 |
_aLondon _bMcGraw-Hill _c1977 |
||
| 300 | _axviii, 469p. | ||
| 650 |
_aIntegrated circuits _93314 |
||
| 650 |
_aIntegrated electronics _910183 |
||
| 650 | _aNASA thesaurus | ||
| 942 | _cBK | ||
| 999 |
_c5869 _d5869 |
||